Goosebumps : (Record no. 6531)
[ view plain ]
| 000 -LEADER | |
|---|---|
| fixed length control field | 01402nam a22002897a 4500 |
| 001 - CONTROL NUMBER | |
| control field | 6531 |
| 003 - CONTROL NUMBER IDENTIFIER | |
| control field | FISKH |
| 005 - DATE AND TIME OF LATEST TRANSACTION | |
| control field | 20250508101008.0 |
| 008 - FIXED-LENGTH DATA ELEMENTS--GENERAL INFORMATION | |
| fixed length control field | 250508b cb ||||| |||| 00| 0 eng d |
| 020 ## - INTERNATIONAL STANDARD BOOK NUMBER | |
| International Standard Book Number | 9781407157511 |
| 040 ## - CATALOGING SOURCE | |
| Original cataloging agency | FISKH |
| Language of cataloging | eng |
| Transcribing agency | FISKH |
| Modifying agency | FISKH |
| 050 ## - LIBRARY OF CONGRESS CALL NUMBER | |
| Classification number | PZ7.S86037 S |
| 082 ## - DEWEY DECIMAL CLASSIFICATION NUMBER | |
| Classification number | 813.54 |
| 100 ## - MAIN ENTRY--PERSONAL NAME | |
| Personal name | Stine, R.L |
| Dates associated with a name | (1943-) |
| 245 ## - TITLE STATEMENT | |
| Title | Goosebumps : |
| Remainder of title | The scarecrow walks at midnight / |
| Statement of responsibility, etc. | R.L. Stine |
| 250 ## - EDITION STATEMENT | |
| Edition statement | This edition first published in 1994 |
| 260 ## - PUBLICATION, DISTRIBUTION, ETC. | |
| Place of publication, distribution, etc. | London : |
| Name of publisher, distributor, etc. | Scholastic, |
| Date of publication, distribution, etc. | 1994 |
| 300 ## - PHYSICAL DESCRIPTION | |
| Extent | 122 pages : |
| Dimensions | 20 cm |
| 505 ## - FORMATTED CONTENTS NOTE | |
| Formatted contents note | N<br/> |
| 520 ## - SUMMARY, ETC. | |
| Summary, etc. | Juvenile Fiction. Juvenile Literature. HTML:The best-selling scare series of all time brings you a thrilling repackage of the field of screams! Jodie loves visiting her grandparents' farm. Okay, so it's not the most exciting place in the world. Still, Grandpa tells great scary stories. And Grandma's chocolate chip cookies are the best. But this summer the farm has really changed. The cornfields are sparse. Grandma and Grandpa seem worn out. And the single scarecrow has been replaced by twelve evil-looking ones. Then one night Jodie sees something really odd. The scarecrows seem to be moving. Twitching on their stakes. Coming alive...<br/> |
| 521 8# - TARGET AUDIENCE NOTE | |
| Target audience note | 540<br/> |
| Source | Lexile<br/> |
| 521 8# - TARGET AUDIENCE NOTE | |
| Target audience note | N<br/> |
| Source | Raz-Plus<br/> |
| 650 ## - SUBJECT ADDED ENTRY--TOPICAL TERM | |
| Source of heading or term | Goosebumps |
| Topical term or geographic name entry element | Horror |
| 650 ## - SUBJECT ADDED ENTRY--TOPICAL TERM | |
| Source of heading or term | Young adult |
| Topical term or geographic name entry element | Scary |
| 942 ## - ADDED ENTRY ELEMENTS (KOHA) | |
| Source of classification or shelving scheme | Dewey Decimal Classification |
| Koha item type | Books |
| Suppress in OPAC | No |
| Withdrawn status | Lost status | Source of classification or shelving scheme | Damaged status | Not for loan | Collection | Home library | Current library | Shelving location | Date acquired | Total Checkouts | Full call number | Barcode | Date last seen | Date last checked out | Copy number | Price effective from | Koha item type |
|---|---|---|---|---|---|---|---|---|---|---|---|---|---|---|---|---|---|
| Dewey Decimal Classification | Juvenile Fiction | Footprints International School Library Network Toul Tom Poung Campus | Footprints International School Library Network Toul Tom Poung Campus | TTP Primary Yellow Bookshelves | 05/08/2025 | 3 | STI 813.54 PZ7.S86037 S | 2025-1216 | 11/26/2025 | 11/12/2025 | 1 | 05/08/2025 | Books |
